Loading...
| Science - Physics | 0 | 6 | 1 | 1 | 55 | 70 | 93.83 | 0 | 1 | 0.00 | 0.00 |
| Science - Biology | 0 | 5 | 3 | 0 | 35 | 26 | 61.60 | 1 | 3 | 0.00 | 0.00 |
| Science - Chemistry | 0 | 3 | 0 | 0 | 30 | 40 | 67.67 | 0 | 2 | 0.00 | 0.00 |
| Science - Other | 0 | 3 | 1 | 1 | 25 | 91 | 100.33 | 0 | 0 | 0.00 | 0.00 |
| Other Academic | 0 | 1 | 0 | 0 | 10 | 91 | 91.00 | 0 | 1 | 0.00 | 0.00 |
| Mythology | 0 | 1 | 0 | 0 | 10 | 90 | 90.00 | 0 | 0 | 0.00 | 0.00 |
| Fine Arts - Painting and Sculpture | 0 | 1 | 0 | 0 | 10 | 85 | 85.00 | 0 | 1 | 0.00 | 0.00 |
| Philosophy | 0 | 1 | 0 | 0 | 10 | 100 | 100.00 | 0 | 0 | 0.00 | 0.00 |
| Literature - World | 0 | 1 | 1 | 0 | 5 | 104 | 104.00 | 0 | 0 | 0.00 | 0.00 |
| History - Other | 0 | 1 | 1 | 0 | 5 | 78 | 78.00 | 0 | 0 | 0.00 | 0.00 |
| Literature - European | 0 | 0 | 1 | 0 | -5 | 0.00 | 0 | 0 | 0.00 | 0.00 |